The Brainrot Exam - Statistics

General Stats
  • This quiz has been taken 111 times
  • The average score is 37 of 50
Answer Stats
Hint Answer % Correct
When you successfully attract a female Rizz
99%
Who got demolished in a rap battle beef against Kendrick Lamar? Drake
94%
A activity/exercise that improves your jawline Mewing
94%
A YouTube series about toilets and cameras fighting Skibidi Toilet
94%
Opposite of being an alpha Beta
93%
Fortnite Currency V-Bucks
93%
Someone's large butt Gyatt
92%
A game that involves crewmates and a murderer that was popular in 2020 Among Us
91%
A person with an amazing physique, a Giga-____ Chad
91%
The most subscribed YouTuber that also gives away a bunch of money and stuff MrBeast
91%
"Sticking out your gyatt for the _______" Rizzler
89%
"Erm what the _____" Sigma
89%
A middle-aged white woman that complains to managers Karen
88%
The craziest state Ohio
88%
A purple drink from a fast food restaurant that supposedly kills people Grimace Shake
87%
Logan Paul and KSI's new energy drink Prime
87%
Very "fat" streamer often referred as a black hole CaseOh
86%
The game that involves guns and the guy that got a low taper fade Fortnite
86%
Who got a low taper fade? Ninja
86%
A video-watching platform made in China that is getting banned in the USA TikTok
86%
The generation that are ages 2010-2025 Gen Alpha
85%
Who rizzed up Livvy Dunne? Baby Gronk
84%
Streamer that is a big fan of famous athlete Cristiano Ronaldo IShowSpeed
84%
The athlete associated with the song "You are my sunshine." LeBron James
81%
Roblox Currency Robux
81%
Female rapper known for her massive curly hair and gyatt Ice Spice
80%
Someone who acts like a robot NPC
80%
Your enemy is an ___ (used among gangs) Opp
79%
A person who talks about random, unnecessary stuff all the time Yapper
79%
The YouTube equivalent to TikTok YouTube Shorts
79%
Popular bald guy who gives advice on how to be alpha and just got released from jail Andrew Tate
76%
Taylor Swift's loyal meatriders Swifties
76%
"Light work, no ________" Reaction
73%
One of the most popular twitch streamers, good friends with Ray and Fanum Kai Cenat
71%
"I'm 2 days into college and I'm 3 ________ behind." Lectures
68%
A popular dance that goes with the lyrics "I say right foot creep ooh walking with that heater." Griddy
66%
The song played at the TikTok Rizz party made by Kanye West Carnival
65%
JoJo Siwa's new song that turned her emo Karma
65%
Someone who would do anything for a female to like them Simp
63%
An extremely obese and overweight person, _______ The Destroyer Gorlock
62%
Kumalala Kumalala Kumalala _______ Savesta
58%
Someone who has 0 rizz has this L Rizz
52%
Who says "Nah imma do my own thing" Miles Morales
51%
The tiktoker who became famous from the Renegade dance Charlie D'Amelio
42%
What do you have when you have been mewing for a while? Mewing Streak
41%
A very popular Burger King song that came from one of its ads Whopper Whopper
38%
An equivalent to "Bro" can also be used as ____ification Blud
36%
When you put someone in a box in Fortnite Full Box
35%
An AI-Generated Travis Scott song about brainrot Skibidi Toilet Will Be Mine
19%
Someone who acts like the main/most important character MC
16%
No matching quizzes found
Score Distribution
Percent of People with Each Score
Percentile by Number Answered
Your Score History
You have not taken this quiz